| 000 | 00614nam a22001697a 4500 | ||
|---|---|---|---|
| 008 | 090629t xxu||||| |||| 00| 0 eng d | ||
| 020 | _a0070966273 | ||
| 082 |
_222 _a662.6 _bSHA |
||
| 245 |
_aFuels and Combustion/ _cS. P. Sharma & Chander Mohan |
||
| 260 |
_aNew Delhi: _bTata McGraw-Hill, _c1984 |
||
| 300 |
_a500p.: _bill.; _c23 cm. |
||
| 504 | _aIncludes bibliography p.491-494 and index | ||
| 650 |
_97207 _aCombustion |
||
| 650 |
_97206 _aFuel |
||
| 942 |
_2ddc _cBB |
||
| 999 |
_c12108 _d12108 |
||